| 000 | nam a22 7a 4500 | ||
|---|---|---|---|
| 999 |
_c29027 _d29026 |
||
| 003 | OSt | ||
| 005 | 20170605205643.0 | ||
| 008 | 170605b xxu||||| |||| 00| 0 eng d | ||
| 020 | _a9780212478247 | ||
| 040 |
_aMMU _beng _cMMU _dMMU |
||
| 050 | _aP94.65 .U6C36 2009 | ||
| 245 |
_aMedia and culture : _ban introduction to mass communication/ _cCampbell, Richard |
||
| 260 |
_aBoston : _bBedford, _c2009 |
||
| 300 |
_a590 p.: _bill.; |
||
| 500 | _aIncludes index. | ||
| 650 | _aMedia and culture | ||
| 942 |
_2lcc _cLOAN LOAN |
||